000 00635nam a2200241Ia 4500
001 12563
003 GE_BSU
008 181216s||||||||xx |||||||||||||| ||und||
020 _a9782011554420
040 _cGE_BSU
080 _a811.133.1
100 _aBerthet, Annie. Hugot, Catherine. Kizirian, Veronique M. Sampsonis, Beatrix Waendendries
245 _aAlter Ego. Methode de Frangais. A2. 2
260 _aParis
260 _bHachette
260 _c2006
300 _a192p.ill.29cm.
300 _eCD
541 _h52Gel.
653 _aAlter Ego. Methode de Frangais
653 _aგრამატიკა
942 _cBK
999 _c45736
_d45736